| 000 | 00444nam a22001817a 4500 | ||
|---|---|---|---|
| 003 | MPLRDC | ||
| 005 | 20220104124146.0 | ||
| 008 | 210129b ||||| |||| 00| 0 eng d | ||
| 020 | _a7-5608-1354-2 | ||
| 082 | _a419.9 GJ | ||
| 100 | _a沈惠民 | ||
| 245 |
_a一个女医生的人生传奇 _c |
||
| 250 | _a一版一刷 | ||
| 260 |
_a _b同济大学出版社 _c1994 |
||
| 300 | _b平 | ||
| 650 | _a医疗界传记 | ||
| 942 |
_cBK _o419.9 GJ |
||
| 999 |
_c17096 _d17086 |
||